1017 1559 1625 1922 1359 1716 1371 1302 1403 1657 1896 1978 1366 1781 1970 1946 1990 1583 1286 1877 1390 1301 1147 1860 1385 1887 1150 1678 1740 1758 1640 1697 1206 1244 1784 1138 1714 1937 1042 1411 1313 1709 1162 1980 1844 1612 1439 1113 1588 1138 1479 1547 1716 1052 1279 1186 1762 1054 1281 1827 1771 1609 1747 1856 1079 1707 1271 1751 1736 1746 1267 1606 1828 1953 1695 1233 1217 1675 1564 1298 1525 1201 1258 1784 1756 1008 1462 1051 1276 1398 1783 1435 1473 1964 1640 1680 1266 1962 1834 BCNSPRNW ULIB Ver.6.0+V

เปลี่ยนเป็นภาษาไทย

Change to English
 แสดงรายละเอียดบรรณานุกรม
  กลับหน้าหลัก

Brief Record : Get Marc (ISO 2709) : E-mail record : QR code < ปิดหน้าต่าง
LEADER : 00000nam 2200000uu 4500
001    13399114429
003     ULIB
008    110627s||||||||th 000 0 tha d
020    9747053918
098    นว.^bม162ต
100 0  มนันยา
245 00 ตายแล้วยังหัวเราะ/^cมนันยา
250    พิมพ์ครั้งที่ 2
260    กรุงเทพฯ :^bสามสี,^c2540
300    252 หน้า
710 1  สามสี
945    ^p90^l0^i031539
995    ทศพร
999 ^a ใช้งานได้ทุกระบบ
รายการนี้ยังไม่มีแท็ก
คุณยังไม่ได้ล็อกอิน คุณสามารถมีกิจกรรมร่วมกับเว็บไซต์ได้ แต่ต้องล็อกอินก่อน ::
  ล็อกอิน

รายการสื่อสารสนเทศ

ลำดับที่ ประเภท เลขเรียก/บาร์โค้ด สถานที่ สถานะ
1. นวนิยาย
นวนิยาย
 ฉ.1 
  Barcode: 031539
ห้องสมุดวิทยาเขตสวรรค์ประชารักษ์
►นวนิยาย
บนชั้น
  ขอยืม

รายการใกล้เคียง
    ผู้แต่ง [มนันยา]

BibComment


ยังไม่เคยถูกคอมเมนท์

คอมเมนท์ทรัพยากรรายการนี้
  คอมเมนท์: ตายแล้วยังหัวเราะ..


 Copyright 2026. Bcnsprnw @Library